La historia empieza en Sumer / (Record no. 87311)

MARC details
000 -LEADER
campo de control de longitud fija 00756nam a2200217 i 4500
001 - NÚMERO DE CONTROL
campo de control 87311
003 - IDENTIFICADOR DE NÚMERO DE CONTROL
campo de control ES-MaACL
005 - FECHA Y HORA DE LA ÚLTIMA TRANSACCIÓN
campo de control 20250630225027.0
007 - CAMPO FIJO DE DESCRIPCIÓN FÍSICA--INFORMACIÓN GENERAL
campo de control de longitud fija t|
008 - DATOS DE LONGITUD FIJA--INFORMACIÓN GENERAL
campo de control de longitud fija 041221s1958 sp ||||1| spa d
100 1# - ENTRADA PRINCIPAL--NOMBRE DE PERSONA
Nombre de persona Kramer, Samuel Noah.
9 (RLIN) 68732
245 13 - MENCIÓN DEL TÍTULO
Título La historia empieza en Sumer /
Mención de responsabilidad, etc. Samuel Noah Kramer ; exordio de Jean Bottero ; prólogo de Luis Pericot ; [traducción del inglés por Jaime Elías].
250 ## - MENCION DE EDICION
Mención de edición [1ª ed.].
260 ## - PUBLICACIÓN, DISTRIBUCIÓN, ETC.
Lugar de publicación, distribución, etc. Barcelona :
Nombre del editor, distribuidor, etc. Aymá,
Fecha de publicación, distribución, etc. [1958] (
Fabricante Condal)
300 ## - DESCRIPCIÓN FÍSICA
Extensión 325 p., 59 lám. :
Otras características físicas il. ;
Dimensiones 21 cm.
700 1# - ENTRADA AGREGADA--NOMBRE PERSONAL
Nombre de persona Bottéro, Jean.
9 (RLIN) 30800
700 1# - ENTRADA AGREGADA--NOMBRE PERSONAL
Nombre de persona Pericot, Luis,
Fechas asociadas al nombre 1899-1978
9 (RLIN) 91262
700 1# - ENTRADA AGREGADA--NOMBRE PERSONAL
Nombre de persona Elías Cornet, Jaime.
9 (RLIN) 46973
852 ## - LOCALIZACIÓN
Ubicación ES-MaACL
Número de control de estantería C-15667
Sublocalización o colección R.43687
Holdings
Estatus retirado Estado de pérdida Estado de daño No para préstamo Biblioteca de origen Biblioteca actual Ubicación en estantería Fecha de adquisición Fuente de adquisición Total de préstamos Signatura topográfica completa Código de barras Visto por última vez Precio de reemplazo Tipo de ítem Koha
        Biblioteca del Ateneo de Madrid Biblioteca del Ateneo de Madrid Ficheros 17/01/2008     C-15667 1091218 23/02/2023 23/02/2023 Libro impreso